000 01523cam a2200373 a 4500
001 3926401
003 OSt
005 20110908095054.0
008 920821s1992 ilua b 001 0 eng c
010 _a 92073390
040 _aDLC/MoSU-L
_cMoSU-L
_dDLC
042 _alcnccp
043 _an-us---
050 0 0 _aKF318
_b.L33 1992
082 0 0 _a346.0504 DOY
_220
100 _aDoya nanima, R.
_91412
245 0 4 _aThe Lawyer's handbook : Land Transactions.
_cNanima, R. Doya /
250 _a3rd ed.
260 _c2006.
300 _axii,100p.;
_c24 cm.
504 _aIncludes bibliographical references and index.
650 0 _aLaw offices
_zUnited States
_xHandbooks, manuals, etc.
_91413
700 1 _aAnderson, Austin G.,
_d1931-
_91414
700 1 _aMunneke, Gary A.
_91415
700 1 _aSoper, Katharine B.
_91416
710 2 _aAmerican Bar Association.
_bSection of Law Practice Management.
_91417
906 _a7
_bcbc
_cnccpada
_d3
_eopcn
_f19
_gy-gencatlg
942 _2ddc
_cBK
999 _c473
_d473